Resettlement of retired defence personnel (Record no. 501506)

000 -LEADER
fixed length control field 00420cam a22001337a 4500
008 - FIXED-LENGTH DATA ELEMENTS--GENERAL INFORMATION
fixed length control field 180718b1989 xxu||||| |||| 00| 0 eng d
082 ## - DEWEY DECIMAL CLASSIFICATION NUMBER
Classification number APPPA 88-89 FAT
100 ## - MAIN ENTRY--PERSONAL NAME
Personal name Fatehullah, P.S.
245 ## - TITLE STATEMENT
Title Resettlement of retired defence personnel
Statement of responsibility, etc. by P.S. Fatehullah
260 ## - PUBLICATION, DISTRIBUTION, ETC.
Place of publication, distribution, etc. New Delhi
Name of publisher, distributor, etc. Indian Institute of Public Administration
Date of publication, distribution, etc. 1989
300 ## - PHYSICAL DESCRIPTION
Extent 122p.
650 ## - SUBJECT ADDED ENTRY--TOPICAL TERM
Topical term or geographic name entry element Retired defence personnel
650 ## - SUBJECT ADDED ENTRY--TOPICAL TERM
Topical term or geographic name entry element Resettlement
Holdings
Withdrawn status Lost status Damaged status Not for loan Permanent Location Current Location Date acquired Full call number Barcode Checked out Date last seen Price effective from Koha item type
        Indian Institute of Public Administration Indian Institute of Public Administration 2018-08-04 APPPA 88-89 FAT GR12172 2010-09-12 2018-08-04 2018-08-04 GR

Powered by Koha